Library Banner

Reasoning in civil law judgments with additional feature of catch words (Record no. 80437)

MARC details
000 -LEADER
fixed length control field 00454nam a2200169Ia 4500
001 - CONTROL NUMBER
control field 69966
008 - FIXED-LENGTH DATA ELEMENTS--GENERAL INFORMATION
fixed length control field 151205s9999||||xx |||||||||||||| ||und||
020 ## - INTERNATIONAL STANDARD BOOK NUMBER
International Standard Book Number NA
040 ## - CATALOGING SOURCE
Transcribing agency PK-LaUMT
082 ## - DEWEY DECIMAL CLASSIFICATION NUMBER
Classification number 346.00264
Item number FAI-R
100 ## - MAIN ENTRY--PERSONAL NAME
Personal name Faisal, M.
245 ## - TITLE STATEMENT
Title Reasoning in civil law judgments with additional feature of catch words
Statement of responsibility, etc Faisal, M.
260 ## - PUBLICATION, DISTRIBUTION, ETC. (IMPRINT)
Place of publication, distribution, etc Lahore,Pakistan:
Name of publisher, distributor, etc Punjab Law Book House,
Date of publication, distribution, etc 2012
300 ## - PHYSICAL DESCRIPTION
Extent 681 p.
546 ## - LANGUAGE NOTE
Language note EN
942 ## - ADDED ENTRY ELEMENTS (KOHA)
Koha item type Books
Holdings
Withdrawn status Lost status Damaged status Not for loan Home library Current library Date acquired Total Checkouts Full call number Barcode Date last seen Price effective from Koha item type
        UMT Main Campus UMT Main Campus 2015-12-04   346.00264 FAI-R 96466 2015-12-05 2015-12-05 Books